{"text_format":"3","workbook":"xlsx","n_sheets":1,"sheets":["Sheet1"],"read":"whole","date_system":"1900"}

{"sheet":"Sheet1","index":0,"n_rows":91,"n_cols":8,"rows_kept":91,"merged":[[0,0,0,7],[2,7,11,7],[87,1,87,4],[87,5,87,6],[90,0,90,6]]}
["动物工程系25-26-1 医疗类耗材 采购清单"]
["序号","名称","规格","单位","数量","参考单价（元）","单项控制价（元）","备注"]
[1,"75%酒精","500毫升/瓶","瓶",40,15,{"$f":"E3*F3","v":600},"急用，开学第一周（9月5日之前）到货"]
[2,"生理盐水","250ml/瓶","瓶",100,5,500]
[3,"一次性塑料检查手套","100个/包","包",50,5,250]
[4,"一次性注射器","2毫升/支","支",1000,1,1000]
[5,"一次性口罩","50个/包","包",80,20,1600]
[6,"一次性帽子","100个/包","包",80,20,1600]
[7,"一次性手术服",null,"件",800,6,4800]
[8,"棉球","500克/袋","袋",5,30,150]
[9,"载玻片","帆船牌，25.4*76.2mm,磨砂边，50片/盒","盒",30,15,450]
[10,"兽用胃导管","大号","根",2,15,30]
[11,"氯化钠","500克/瓶","瓶",10,15,150]
[12,"生理盐水","100ml/瓶","瓶",200,3,600]
[13,"橡胶手套6.5号","50付/箱","箱",10,100,1000]
[14,"橡胶手套7号","50付/箱","箱",10,100,1000]
[15,"橡胶手套7.5号","50付/箱","箱",10,100,1000]
[16,"生物解剖针","13.7cm","支",50,1.5,75]
[17,"一次性注射器","5毫升/支","支",1000,1,1000]
[18,"一次性注射器","1ml","支",200,1,200]
[19,"一次性注射器","10毫升","支",150,1,150]
[20,"一次性注射器","20毫升","支",10,2,20]
[21,"采血针","7号","支",1000,1,1000]
[22,"灭菌注射用水","10ml/支（安瓿瓶）","支",500,0.5,250]
[23,"输液针头","100个/包","包",4,100,400]
[24,"针灸钢针",null,"组",5,80,400]
[25,"一次性针灸针","0.25*25mm*500，0.25*40mm*500，0.25*50mm*500","盒",3,35,105]
[26,"艾柱","1.8*2.7cm*50","盒",5,40,200]
[27,"中药标本（110种）","110种药材","箱",1,260,260]
[28,"手工练针包","8*9.5*4.5cm","个",50,10,500]
[29,"火罐","1号罐（30*47*62mm*12）","个",1,72,72]
[30,"火罐","2号罐（35*50*71mm*12）","个",1,72,72]
[31,"火罐","3号罐（45*60*80mm*12）","个",1,72,72]
[32,"带针缝合线（单针）","圆针，3-0，单针，丝线，每根75厘米，每盒12支","盒",8,70,{"$f":"E34*F34","v":560}]
[33,"带针缝合线（单针）","三棱针，2-0，单针，丝线，每根75厘米，每盒12支。","盒",28,70,1960]
[34,"带针缝合线（单针）","圆针，4-0，单针，丝线，每根75厘米，每盒12支","盒",34,70,2380]
[35,"非吸收缝合线","4-0，每根60厘米，每包10根","包",400,2,800]
[36,"一次性剃毛刀",null,"个",3,2,6]
[37,"单面刀片","38*19mm","盒",10,3,30]
[38,"干棉球","500克/袋","袋",10,30,300]
[39,"灭菌棉签","100个/包","包",10,5,50]
[40,"消毒纱布","30包/袋","袋",3,60,180]
[41,"培养基","500克/瓶","瓶",45,15,675]
[42,"普通琼脂培养基平板","90cm","个",300,5,1500]
[43,"玻璃培养皿","直径10cm","个",100,1,100]
[44,"一次性培养皿",null,"只",500,0.5,250]
[45,"盖玻片","18*18mm","盒",10,2,20]
[46,"橡胶导尿管(胃管）",null,"根",4,10,40]
[47,"药敏试纸",null,"盒",4,20,80]
[48,"砂轮","15mm","个",50,0.2,10]
[49,"手动压气喷壶","1000ml","个",10,15,150]
[50,"兽用体温计","10支/盒","盒",5,20,100]
[51,"听诊器",null,"把",30,45,1350]
[52,"玻璃滴管","10cm","支",50,1,50]
[53,"吸水纸","80*25mm","盒",20,3,60]
[54,"动物针灸模型","全尺寸 30cm*30cm*8cm（犬、猫、猪、牛、马 各一个）","个",5,650,3250]
[55,"孵化箱","裕达全自动智能孵化机264枚高配一体机        型号：JDA-264k","台",1,1500,1500]
[56,"照蛋器","led手电筒孵化专用验蛋孵蛋可充电照蛋灯","个",10,30,300]
[57,"葡萄球菌",null,"支",2,20,40]
[58,"蔗糖溶液","0.3g/ml","瓶",1,35,35]
[59,"蒸馏水","5L","瓶",5,30,150]
[60,"食盐",null,"斤",4,5,20]
[61,"纯碱",null,"斤",2,10,20]
[62,"生石灰",null,"斤",4,2,8]
[63,"白糖",null,"斤",2,10,20]
[64,"乳酸菌发酵剂",null,"包",2,10,20]
[65,"95%酒精","500毫升/瓶","瓶",30,15,{"$f":"E67*F67","v":450}]
[66,"碘伏","500毫升/瓶","瓶",20,15,300]
[67,"阿托品","10支/盒","盒",10,15,150]
[68,"高锰酸钾","500克/瓶","瓶",10,50,500]
[69,"敌百虫","100片/瓶","瓶",2,15,30]
[70,"解磷碇","10支/盒","盒",2,20,40]
[71,"大肠杆菌",null,"支",2,20,40]
[72,"84消毒液","400毫升/瓶","瓶",5,5,25]
[73,"百毒杀","500毫升/瓶","瓶",4,15,60]
[74,"新吉尔灭","500毫升/瓶","瓶",30,10,300]
[75,"速眠新","2毫升/支","盒",2,20,40]
[76,"樟脑","500克/瓶","瓶",2,20,40]
[77,"青霉素","80万IU","瓶",1000,0.4,400]
[78,"鸡新城疫4系疫苗","500羽/瓶","瓶",4,10,40]
[79,"舒泰","舒泰50","支",17,260,4420]
[80,"甲醛","瓶","500g",8,20,160]
[81,"犬CPV，CDV，犬副流感病毒、犬副粘病毒检测板","各两套","套",8,50,400]
[82,"饲料黄曲霉毒素B1检测试剂盒","10支/盒","盒",2,120,240,"安屿生物/艾薇德生物"]
[83,"玉米赤霉烯酮检测试剂盒","10支/盒","盒",2,120,240,"安屿生物/艾薇德生物"]
[84,"饲料呕吐毒素检测试剂盒","10支/盒","盒",2,120,240,"安屿生物/艾薇德生物"]
[85,"NexGard Spectra（超可信）口服咀嚼片","3粒装/盒","盒",1,300,300]
[null,"总控制价（元）：",{"$nulls":3},{"$f":"SUM(G3:G87)","v":43935}]
[]
[]
["注：1.此表单价为参考价格，报价不得超过控制价；2.可将此表修改为报价单，但其中序号、耗材品名、型号规格、单位、数量不得修改。"]